Indian medicinal plants / (Record no. 136871)

MARC details
000 -LEADER
fixed length control field 00667nam a2200229 4500
010 ## - LIBRARY OF CONGRESS CONTROL NUMBER
LC control number 112473
035 ## - SYSTEM CONTROL NUMBER
System control number 112473
037 ## - SOURCE OF ACQUISITION
Source of stock number/acquisition Cen Lib / Ret
040 ## - CATALOGING SOURCE
Original cataloging agency DPL
Language of cataloging En
082 ## - DEWEY DECIMAL CLASSIFICATION NUMBER
Classification number 581.6
Item number KIR
100 ## - MAIN ENTRY--PERSONAL NAME
Personal name Kirtikar, K. R.
245 ## - TITLE STATEMENT
Title Indian medicinal plants /
Statement of responsibility, etc by K. R. Kirtikar [and] B. D. Basu
250 ## - EDITION STATEMENT
Edition statement 2nd ed
260 ## - PUBLICATION, DISTRIBUTION, ETC. (IMPRINT)
Place of publication, distribution, etc Allahabad
Name of publisher, distributor, etc Lalit Mohan Basu
270 ## - ADDRESS
Address 49, Leader Road
City Allahabad
300 ## - PHYSICAL DESCRIPTION
Extent (v 1. cviii, 838p)
Dimensions 27cm(hb)
650 ## - SUBJECT ADDED ENTRY--TOPICAL TERM
Topical term or geographic name as entry element Medicinal plants -- India.
650 ## - SUBJECT ADDED ENTRY--TOPICAL TERM
Topical term or geographic name as entry element Materia medica, Vegetable -- India.
650 ## - SUBJECT ADDED ENTRY--TOPICAL TERM
Topical term or geographic name as entry element Plants, Medicinal.
700 ## - ADDED ENTRY--PERSONAL NAME
Personal name Basu, B. D.
942 ## - ADDED ENTRY ELEMENTS (KOHA)
Source of classification or shelving scheme Dewey Decimal Classification
Koha item type English Books
Classification part 581.6
Call number suffix KIR
Holdings
Withdrawn status Lost status Source of classification or shelving scheme Materials specified (bound volume or other part) Damaged status Not for loan Home library Current library Date acquired Source of acquisition Total Checkouts Full call number Barcode Date last seen Copy number Price effective from Koha item type
    Dewey Decimal Classification v 1     Central Library Central Library 11/03/2016 Cen Lib/Ret   581.6 KIR 112473 27/04/2018 1 11/03/2016 English Books

© Delhi Public Library
Hit Counter
free hit counter